[Event "HUN-chT2 Toth 1314"]
[Site "Hungary"]
[Date "2014.02.16"]
[Round "7.5"]
[White "Dancza, Janos"]
[Black "Andor, Laszlo"]
[Result "0-1"]
[WhiteElo "1978"]
[BlackElo "2029"]
[PlyCount "156"]
[EventDate "2013.09.08"]
[EventType "team-tourn"]
[EventRounds "11"]
[EventCountry "HUN"]
[SourceTitle "EXT 2016"]
[Source "ChessBase"]
[SourceDate "2015.10.08"]
[SourceVersion "1"]
[SourceVersionDate "2015.10.08"]
[SourceQuality "1"]
[WhiteTeam "Abony"]
[BlackTeam "Bekes"]
[WhiteTeamCountry "HUN"]
[BlackTeamCountry "HUN"]

1. d4 Nf6 2. c4 e6 3. Nc3 Bb4 4. Nf3 Bxc3+ 5. bxc3 b6 6. Bg5 Bb7 7. e3 d6 8. Bd3 Nbd7 9. 0-0 0-0 10. Qc2 h6 11. Bh4 Qe7 12. e4 e5 13. Rfe1 Qe6 14. a4 a5 15. h3 g5 16. Bg3 Nh5 17. Bh2 Qf6 18. Bf1 Rae8 19. dxe5 dxe5 20. Qd1 Nc5 21. Nxe5 Nf4 22. Ng4 Qg6 23. Bxf4 gxf4 24. f3 Rd8 25. Qc2 Rd6 26. Rad1 Rfd8 27. Rxd6 Rxd6 28. Rd1 h5 29. Rxd6 cxd6 30. Nf2 Bc6 31. Nd3 Qg5 32. Nxc5 Qxc5+ 33. Kh1 Kg7 34. Qd2 Qe5 35. Qd1 Kf6 36. Qc2 Qc5 37. Bd3 Ke5 38. Qd1 Qe3 39. Kh2 h4 40. Qc2 Ke6 41. Qd1 Ke7 42. Bc2 Qxc3 43. Bb3 Bd7 44. Kh1 Be6 45. Kh2 Bxc4 46. Bxc4 Qxc4 47. Qe1 Qxa4 48. Qxh4+ Ke8 49. Qxf4 Qd4 50. Qc1 Qc5 51. Qd1 b5 52. Kh1 a4 53. Qa1 a3 54. Qh8+ Ke7 55. Qh4+ Kd7 56. Qf6 Qc4 57. e5 Qe6 58. Qh8 dxe5 59. Qb8 a2 60. Qxb5+ Ke7 61. Qb2 f6 62. Kh2 Qa6 63. Qb4+ Kf7 64. Qd2 Qa7 65. Qd5+ Ke7 66. Qg8 a1Q 67. Qg7+ Ke6 68. Qg8+ Kd6 69. Qd8+ Kc5 70. Qxf6 Qd4 71. Qf8+ Qd6 72. Qf5 Qa4 73. Qc8+ Qac6 74. Qf5 Kb6 75. Qb1+ Qb5 76. Qe4 Qbb4 77. Qe3+ Kb7 78. h4 Qf4+ 0-1

[Event "HUN-chT2 Toth 1213"]
[Site "Hungary"]
[Date "2013.04.07"]
[Round "10.7"]
[White "Dancza, Janos"]
[Black "Lorinc, Sandor"]
[Result "1-0"]
[WhiteElo "1947"]
[BlackElo "2200"]
[PlyCount "99"]
[EventDate "2012.09.16"]
[EventType "team-tourn"]
[EventRounds "11"]
[EventCountry "HUN"]
[SourceTitle "EXT 2014"]
[Source "ChessBase"]
[SourceDate "2013.11.20"]
[SourceVersion "1"]
[SourceVersionDate "2013.11.20"]
[SourceQuality "1"]
[WhiteTeam "Abony"]
[BlackTeam "Toth Laszlo II"]
[WhiteTeamCountry "HUN"]
[BlackTeamCountry "HUN"]

1. d4 Nf6 2. c4 c6 3. Nc3 d5 4. cxd5 cxd5 5. Bf4 a6 6. Nf3 Nc6 7. e3 Bg4 8. Be2 e6 9. a3 Be7 10. 0-0 0-0 11. Rc1 Rc8 12. h3 Bh5 13. Ne5 Bxe2 14. Qxe2 Qa5 15. Bg5 h6 16. Bxf6 Bxf6 17. Nd7 Rfe8 18. Nxf6+ gxf6 19. f4 Ne7 20. Qh5 Kg7 21. Rf3 f5 22. g4 fxg4 23. hxg4 Ng8 24. Rh3 Qd8 25. Rc2 Qf6 26. Rg2 Kf8 27. g5 hxg5 28. fxg5 Qg7 29. Rf3 Ke7 30. Rgf2 f5 31. Kf1 Rf8 32. Qh4 Ke8 33. Qf4 Ne7 34. Qd6 Kf7 35. Rg2 Rb8 36. Qd7 b5 37. Rh3 Rfc8 38. Rh7 Qxh7 39. g6+ Qxg6 40. Rxg6 Kxg6 41. Qxe7 Re8 42. Qd6 Ra8 43. Nxd5 Rad8 44. Nf4+ Kf7 45. Qxa6 Rc8 46. Qb7+ Kf6 47. Qxb5 Rh8 48. Qe5+ Kg5 49. Nxe6+ Kg6 50. Qg7+ 1-0

[Event "HUN-chT2 Toth 1213"]
[Site "Hungary"]
[Date "2013.03.03"]
[Round "8.6"]
[White "Kerekes, Attila"]
[Black "Dancza, Janos"]
[Result "1-0"]
[WhiteElo "2099"]
[BlackElo "1947"]
[PlyCount "57"]
[EventDate "2012.09.16"]
[EventType "team-tourn"]
[EventRounds "11"]
[EventCountry "HUN"]
[SourceTitle "EXT 2014"]
[Source "ChessBase"]
[SourceDate "2013.11.20"]
[SourceVersion "1"]
[SourceVersionDate "2013.11.20"]
[SourceQuality "1"]
[WhiteTeam "Bekes"]
[BlackTeam "Abony"]
[WhiteTeamCountry "HUN"]
[BlackTeamCountry "HUN"]

1. e4 c5 2. Nf3 d6 3. d4 cxd4 4. Nxd4 Nf6 5. Nc3 a6 6. Bg5 e6 7. f4 b5 8. e5 dxe5 9. fxe5 Qc7 10. Qe2 Nfd7 11. 0-0-0 Bb7 12. Nf3 Nc6 13. Bf4 0-0-0 14. Kb1 f6 15. Bg3 Ncxe5 16. Nxe5 Nxe5 17. Rxd8+ Kxd8 18. a4 b4 19. Ne4 Be7 20. Qe3 Qc6 21. Ng5 fxg5 22. Qxe5 Bf6 23. Qb8+ Qc8 24. Qd6+ Qd7 25. Qxb4 Qd1+ 26. Ka2 Qd5+ 27. Bc4 Qc6 28. Rd1+ Kc8 29. Rd6 1-0

[Event "HUN-chT2 Toth 1112"]
[Site "Hungary"]
[Date "2012.01.29"]
[Round "5.6"]
[White "Dancza, Janos"]
[Black "Andriska, Zsolt"]
[Result "0-1"]
[WhiteElo "1989"]
[BlackElo "2023"]
[PlyCount "58"]
[EventDate "2011.09.25"]
[EventType "team-tourn"]
[EventRounds "11"]
[EventCountry "HUN"]
[SourceTitle "EXT 2013"]
[Source "ChessBase"]
[SourceDate "2012.11.22"]
[SourceVersion "1"]
[SourceVersionDate "2012.11.22"]
[SourceQuality "1"]
[WhiteTeam "Abony"]
[BlackTeam "KHTK"]
[WhiteTeamCountry "HUN"]
[BlackTeamCountry "HUN"]

1. d4 d5 2. c4 e6 3. Nc3 f5 4. Nf3 c6 5. cxd5 exd5 6. Bf4 Bd6 7. Bxd6 Qxd6 8. e3 Nf6 9. Bd3 0-0 10. 0-0 Ne4 11. Qc2 Nd7 12. Rac1 Rf6 13. Ne2 Rh6 14. h3 Qe7 15. Nh2 Ndf6 16. Rce1 g5 17. f3 g4 18. Bxe4 dxe4 19. fxg4 fxg4 20. Nf4 g3 21. Ng4 Nxg4 22. hxg4 Bxg4 23. Nh3 Bxh3 24. gxh3 Rf8 25. Rxf8+ Qxf8 26. Rf1 Rf6 27. Qc4+ Kg7 28. Kg2 Rf2+ 29. Kg1 Qf3 0-1

[Event "HUN-chT2 Toth 1112"]
[Site "Hungary"]
[Date "2011.11.27"]
[Round "4.7"]
[White "Dancza, Janos"]
[Black "Tornyai, Jeno"]
[Result "0-1"]
[WhiteElo "1989"]
[BlackElo "1973"]
[PlyCount "115"]
[EventDate "2011.09.25"]
[EventType "team-tourn"]
[EventRounds "11"]
[EventCountry "HUN"]
[SourceTitle "EXT 2013"]
[Source "ChessBase"]
[SourceDate "2012.11.22"]
[SourceVersion "1"]
[SourceVersionDate "2012.11.22"]
[SourceQuality "1"]
[WhiteTeam "Abony"]
[BlackTeam "Maroczy II"]
[WhiteTeamCountry "HUN"]
[BlackTeamCountry "HUN"]

1. d4 d5 2. c4 e6 3. Nc3 Nf6 4. Nf3 Nbd7 5. e3 c6 6. cxd5 exd5 7. Bd3 Bd6 8. Qc2 0-0 9. 0-0 Re8 10. Bd2 Nf8 11. Rac1 Bg4 12. Rfe1 Ng6 13. Be2 Ne4 14. h3 Bxf3 15. Bxf3 Qh4 16. Nxe4 dxe4 17. Be2 Qg5 18. Bf1 Nh4 19. Kh1 Re6 20. Bc3 Rae8 21. Re2 Nf3 22. g3 Rh6 23. Bg2 Bxg3 24. fxg3 Qxg3 25. Bxf3 Rxh3+ 26. Rh2 Qxf3+ 27. Qg2 Qxe3 28. Bd2 Rxh2+ 29. Qxh2 Qf3+ 30. Qg2 Re6 31. Qxf3 exf3 32. Re1 f2 33. Rf1 Re2 34. Bc3 g6 35. Kg2 f5 36. Kf3 Re4 37. Rxf2 Kf7 38. Re2 Rh4 39. Rg2 h6 40. Ke3 g5 41. Be1 Re4+ 42. Kd2 Rxd4+ 43. Kc3 Re4 44. Bd2 Kg6 45. Kd3 c5 46. Be3 c4+ 47. Kd2 a6 48. Rh2 b5 49. Bc5 Re5 50. Bf8 h5 51. Kc3 f4 52. Kd4 Rf5 53. Bd6 f3 54. Rf2 h4 55. Ke4 g4 56. Be7 g3 57. Rxf3 g2 58. Bxh4 0-1